LEADER 05583nam 2200649 450 001 9910465005503321 005 20210903021242.0 010 $a2-7598-1149-2 024 7 $a10.1051/978-2-7598-1149-6 035 $a(CKB)3710000000088880 035 $a(EBL)3155406 035 $a(SSID)ssj0001154366 035 $a(PQKBManifestationID)11719237 035 $a(PQKBTitleCode)TC0001154366 035 $a(PQKBWorkID)11162939 035 $a(PQKB)10628083 035 $a(MiAaPQ)EBC3155406 035 $a(PPN)178536695 035 $a(Au-PeEL)EBL3155406 035 $a(CaPaEBR)ebr10837896 035 $a(CaONFJC)MIL577223 035 $a(OCoLC)922991590 035 $a(DE-B1597)575004 035 $a(DE-B1597)9782759811496 035 $a(MiAaPQ)EBC6810623 035 $a(Au-PeEL)EBL6810623 035 $a(OCoLC)1245062543 035 $a(EXLCZ)993710000000088880 100 $a20140301h20142014 uy 0 101 0 $afre 135 $aurnn#---|u||u 181 $ctxt 182 $cc 183 $acr 200 00$aChimie et transports $evers des transports de?carbone?s /$fMichel Accarry, [and the others] 210 1$aLes Ulis, France :$cEDP Sciences,$d2014. 210 4$d©2014 215 $a1 online resource (273 p.) 225 0 $aCollection Chimie Et 300 $aDescription based upon print version of record. 311 0 $a2-7598-1075-5 327 $tFront matter --$tOnt contribué à la rédaction de cet ouvrage --$tSommaire --$tAvant-propos --$tPréface --$tIntroduction Les infrastructures de transport et l?exploitation du réseau --$tPartie 1 : Le cas des transports urbains de l?agglomération lyonnaise --$tPartie 2 : Les apports de la chimie dans les projets d?avenir --$tPartie 1 La chimie au service du futur des véhicules --$tIntroduction --$tChapitre 1 : La catalyse au service de l?automobile --$tChapitre 2 : Comment la chimie contribue-t-elle à la performance des véhicules électriques de demain ? --$tChapitre 3 : La chimie donne des ailes --$tChapitre 4 : La chimie et le rail --$tChapitre 5 : Chimie et construction navale --$tPartie 2 Matériaux et transports durables --$tChapitre 6 : Les alliages d?aluminium pour l?allégement des structures dans l?aéronautique et la carrosserie automobile --$tChapitre 7 : Le pneumatique : innovation et haute technologie pour faire progresser la mobilité --$tChapitre 8 : La zircone, matériau phare contre la pollution des échappements automobiles --$tChapitre 9 : Vers une connexion des corps de métiers, pour des micro structures améliorées pour les transports --$tPartie 3 Énergie et transports durables --$tChapitre 10 : La combustion et les défi s de la propulsion aéronautique et spatiale --$tChapitre 11 : Vers des transports décarbonés : carburants, combustion et post-traitement pour les transports routiers --$tChapitre 12 : Le moteur thermique comparé au moteur électrique. Enjeux et contraintes --$tChapitre 13 : Le stockage de l?énergie dans le monde des transports --$tConclusion : Qualité de vie et mobilité 330 $aÀ en juger par le succès que rencontrent à chacune de leurs éditions, le salon de l?automobile, le salon de l?aéronautique du Bourget ou les nombreuses expositions organisées sur les transports, cet ouvrage concernera des lecteurs de tous âges et d?occupations variées. La voiture surtout, mais aussi les transports en commun et le transport aérien, ont pris une telle place dans nos existences que les perspectives de crise ouvertes par la question de l?énergie sont causes de vives préoccupations chez tous les citoyens et toutes les collectivités. Des efforts de recherche très importants et variés sont consacrés par de nombreux acteurs, publics et privés, pour découvrir et mettre au point des réponses techniques aux transformations imposées par la raréfaction et le renchérissement de l?énergie, et par la demande sociale en matière de développement durable. Les thèmes explicités dans cet ouvrage ont pour une bonne part trait aux moyens d?économiser l?énergie : nouveaux matériaux pour alléger les structures, mise au point de carburants plus ef?caces et moins polluants, développement de batteries pour la propulsion électrique. Chaque fois, le rôle central de la chimie apparaît et illustre la vigueur et la fécondité de la science et de la technologie chimiques. La place des transports, non pas comme un simple utilisateur d?énergie, mais comme un acteur participant ? par exemple par ses capacités de stockage ? à la gestion de la question énergétique ou ? par exemple en « recréant » de façon nouvelle cette « route » qui est depuis toujours la base de nos campagnes ? à l?aménagement de nos territoires. Exposés par des professionnels de l?industrie ou de la recherche publique, concrets et actifs sur ces sujets, ce livre fera progresser les lecteurs qui disposent d?une formation scolaire de base en matière scienti?que et leur facilitera la compréhension du monde de demain. 410 0$aChimie Et ... Ser. 606 $aTransportation$xEnvironmental aspects$vCongresses 608 $aElectronic books. 615 0$aTransportation$xEnvironmental aspects 676 $a363.731 700 $aAccary$b Michel$4aut$4http://id.loc.gov/vocabulary/relators/aut$01054067 701 $aMichel$b Accary$01054068 801 0$bMiAaPQ 801 1$bMiAaPQ 801 2$bMiAaPQ 906 $aBOOK 912 $a9910465005503321 996 $aChimie et transports$92486367 997 $aUNINA LEADER 05081nam 22007331 450 001 9910961281703321 005 20080905141155.0 010 $a9786611761370 010 $a9781472564283 010 $a1472564286 010 $a9781281761378 010 $a1281761370 010 $a9781847314147 010 $a1847314147 024 7 $a10.5040/9781472564283 035 $a(CKB)1000000000691234 035 $a(EBL)361641 035 $a(OCoLC)560616851 035 $a(SSID)ssj0000156819 035 $a(PQKBManifestationID)12008570 035 $a(PQKBTitleCode)TC0000156819 035 $a(PQKBWorkID)10130072 035 $a(PQKB)10468511 035 $a(MiAaPQ)EBC1772432 035 $a(MiAaPQ)EBC361641 035 $a(UtOrBLW)bpp09256382 035 $a(Au-PeEL)EBL361641 035 $a(UtOrBLW)BP9781472564283BC 035 $a(Perlego)810111 035 $a(EXLCZ)991000000000691234 100 $a20140929d2008 uy 0 101 0 $aeng 135 $aur|n|---||||| 181 $ctxt 182 $cc 183 $acr 200 00$aForced migration, human rights and security /$fedited by Jane McAdam 205 $a1st ed. 210 1$aOxford ;$aPortland, Oregon :$cHart Publishing,$d2008. 215 $a1 online resource (316 p.) 225 1 $aStudies in international law ;$vv. 17 300 $aDescription based upon print version of record. 311 08$a9781841137704 311 08$a1841137707 320 $aIncludes bibliographical references and index. 327 $tForced migration : refugees, rights and security /$rGuy S. Goodwin-Gill --$tResolution 1373 : a call to pre-empt Asylum Seekers? (or 'Osama, the Asylum Seeker') /$rPenelope Mathew --$tNational security and 'non-refoulment' in New Zealand : commentary on 'Zaoui v Attorney-General (No 2)' /$rRodger Haines Q. C. --$tOffshore barriers to Asylum Seeker movement : the exercise of power without responsibility? /$rSavitri Taylor --$tThe legal and ethical implications of extraterritorial processing of Asylum Seekers : the 'safe third country' concept /$rSusan Kneebone --$tRe-thinking the paradigms of protection : children as convention refugees in Australia /$rMary Crock --$tWearing thin : restrictions on Islamic headscarves and other religious symbols /$rBen Saul --$tSubjectivity and refugee fact-finding /$rArthur Glass --$tTowards convergence in the interpretation of the refugee convention : a proposal for the establishment of an international judicial commission for refugees /$rAnthony M. North and Joyce Chia --$tThe refugee convention as a rights blueprint for persons in need of international protection /$rJane McAdam --$tThe responsibility to protect : closing the gaps in the international protection regime /$rErika Feller. 330 $a"The international protection regime for refugees and other forced migrants seems increasingly at risk as measures designed to enhance security-of borders, of people, of institutions, and of national identity-encroach upon human rights. This timely edited collection responds to some of the contemporary challenges faced by the international protection regime, with a particular focus on the human rights of those displaced. The book begins by assessing the impact of anti-terrorism laws on refugee status, both at the international and domestic levels, before turning to examine the function of offshore immigration control mechanisms and extraterritorial processing on asylum seekers' access to territory and entitlements (both procedural and substantive). It considers the particular needs and rights of children as forced migrants, but also as children; the role of human rights law in protecting religious minorities in the context of debates about national identity; the approaches of refugee decision-makers in assessing the credibility of evidence; and the scope for an international judicial commission to provide consistent interpretative guidance on refugee law, so as to overcome (or at least diminish) the currently diverse and sometimes conflicting approaches of national courts. The last part of the book examines the status of people who benefit from 'complementary protection'-such as those who cannot be removed from a country because they face a risk of torture or cruel, inhuman or degrading treatment or punishment-and the scope for the broader concept of the 'responsibility to protect' to address gaps in the international protection regime"--Bloomsbury Publishing. 410 0$aStudies in international law (Oxford, England) ;$vv. 17. 606 $aForced migration 606 $aHuman rights 606 $aRefugees$xLegal status, laws, etc 606 $2International human rights law 615 0$aForced migration. 615 0$aHuman rights. 615 0$aRefugees$xLegal status, laws, etc. 676 $a341.486 686 $a86.81$2bcl 702 $aMcAdam$b Jane$f1974- 801 0$bUtOrBLW 801 1$bUtOrBLW 906 $aBOOK 912 $a9910961281703321 996 $aForced migration, human rights and security$94478137 997 $aUNINA